Great Literature #7 - Statistics

General Stats
  • This quiz has been taken 449 times
  • The average score is 11 of 20
Answer Stats
Hint Answer % Correct
Anne Frank The Diary of a Young Girl
94%
Charles Darwin On the Origin of Species
91%
Sigmund Freud The Interpretation of Dreams
85%
Albert Einstein Relativity
80%
Plato The Republic
78%
Niccolo Machiavelli The Prince
76%
Virginia Woolf A Room of One’s Own
71%
Truman Capote In Cold Blood
71%
Henry David Thoreau Walden
61%
James E. Watson The Double Helix: A Personal Account of the Discovery of the Structure of DNA
56%
St. Augustine Confessions
50%
George Orwell Homage to Catalonia
46%
Alex Haley The Autobiography of Malcolm X
44%
Rachel Carson Silent Spring
43%
Blaise Pascal Pensées
40%
William Strunk, Jr. and E. B. White The Elements of Style
31%
Thomas Wolfe Look Homeward, Angel
30%
Jean-Jacques Rousseau The Confessions of ____________ ________
23%
Vladimir Nabokov Speak, Memory
21%
Michel de Montaigne Of Friendship
16%
No matching quizzes found
Score Distribution
Percent of People with Each Score
Percentile by Number Answered
Your Score History
You have not taken this quiz